The Miracle of language /

Gardado en:
Detalles Bibliográficos
Autor Principal: Laird, Charlton
Formato: Libro
Idioma:English
Publicado: New york : Fawcett world library, 1963.
Những chủ đề:
Các nhãn: Engadir etiqueta
Sen Etiquetas, Sexa o primeiro en etiquetar este rexistro!
Thư viện lưu trữ: Mạng thư viện Đại học Đà Nẵng
LEADER 00918nam a22002771a 4500
001 000038080
003 14375
005 20190924092014.0
008 160412s1963 000
040 |a lnn 
041 0 |a eng 
082 0 4 |a 428  |b LA-C 
100 |a Laird, Charlton 
245 0 0 |a The Miracle of language /  |c Charlton Laird. 
260 |a New york :  |b Fawcett world library,  |c 1963. 
300 |a xviii,255 p. :  |b col. ill. ;  |c 24 cm. 
630 0 4 |a English language. 
650 0 4 |a English language  |x Study and teaching. 
OWN |a LNN 
AVA |a UDN50  |b LNN  |c English  |e available  |t Error 5001 Not defined in file expand_doc_bib_avail.  |f 1  |g 0  |h N  |i 0  |j AN 
999 |a From the UDN01 
AVA |a UDN50  |b LNN  |c English  |e available  |t Error 5001 Not defined in file expand_doc_bib_avail.  |f 1  |g 0  |h N  |i 0  |j AN 
TYP |a Monograph 
980 |a Mạng thư viện Đại học Đà Nẵng